书目信息 |
| 题名: |
沉积构造与环境解释
|
|
| 作者: | 《沉积构造与环境解释》编著组 | |
| 分册: | ||
| 出版信息: | 北京 科学出版社 1985 |
|
| 页数: | ||
| 开本: | 26cm | |
| 丛书名: | ||
| 单 册: | ||
| 中图分类: | P512.2 | |
| 科图分类: | ||
| 主题词: | 动力地质学 | |
| 电子资源: | ||
| ISBN: | ||
| 000 | 00615nam0 2200181 450 | |
| 001 | 0736196517 | |
| 005 | 20070924100316.51 | |
| 010 | @d¥4.50 | |
| 100 | @a20070924d km y0chiy0120 ea | |
| 101 | 0 | @achi |
| 200 | 1 | @a沉积构造与环境解释@Achen ji gou zao yu huan jing jie shi@f《沉积构造与环境解释》编著组@F《chen ji gou zao yu huan jing jie shi》bian zhu zu |
| 210 | @a北京@c科学出版社@d1985 | |
| 215 | @d26cm | |
| 606 | 0 | @a动力地质学 |
| 690 | @aP512.2@v3 | |
| 701 | 0 | @a《沉积构造与环境解释》编著组@A《chen ji gou zao yu huan jing jie shi》bian zhu zu |
| 801 | 0 | @aCN@bPFT@c20070924 |
| 905 | @a213230@dP512.2@eZY5@f1 | |
| 沉积构造与环境解释/《沉积构造与环境解释》编著组.-北京:科学出版社,1985 |
| 26cm |
| ISBN :¥4.50 |
| ● |
| 相关链接 |
|
|
|
|
正题名:沉积构造与环境解释
索取号:P512.2/ZY5
 
预约/预借
| 序号 | 登录号 | 条形码 | 馆藏地/架位号 | 状态 | 备注 |
| 1 | 7901078 | 279010785 | 密集书库-资源管理系/ [索取号:P512.2/ZY5] | 在馆 |